000 00288nam a2200133 i 4500
001 bg
100 1 _aPARILIS, E. S.
245 0 _aEffekt Oże /
_cE.S. Parilis.
260 _aTaskent,
_c1969.
040 _cBPK
041 _apol
942 _cKS
008 s pl f |000 0 pol
999 _c9008
_d9008
856 _uhttp://koha.tu.koszalin.pl/cgi-bin/koha/opac-detail.pl?biblionumber=9008
_yKatalog online BPK